Battlefield 4 - All guns, knives, grenades & gadgets - Statistics

General Stats
  • This quiz has been taken 31 times
  • The average score is 38 of 170
Answer Stats
% Correct
M4
82%
M249
64%
SCAR-H
64%
AK-12
59%
P90
59%
AEK-971
55%
AN-94
55%
M16A4
55%
MP7
55%
M416
50%
RPK
50%
G18
45%
G36C
45%
M9
45%
MG4
45%
RPG-7V2
45%
ACE-23
41%
AK 5C
41%
M84 FLASHBANG
41%
SKS
41%
.44 MAGNUM
36%
DEAGLE 44
36%
FAMAS
36%
LSAT
36%
M18 SMOKE
36%
M67 FRAG
36%
MK153 SMAW
36%
MPX
36%
SAIGA 12K
36%
ACW-R
32%
AKU-12
32%
AS VAL
32%
C4 EXPLOSIVE
32%
DEFIBRILLATOR
32%
FIM-92 STINGER
32%
M1014
32%
M15 AT MINE
32%
M240B
32%
M34 INCENDIARY
32%
M40A5
32%
P226
32%
PKP PECHENEG
32%
PP-2000
32%
REPAIR TOOL
32%
RPK-12
32%
SPAS-12
32%
SR-2
32%
SVD-12
32%
UMP-45
32%
V40 MINI
32%
870 MCS
27%
AMMO BOX
27%
BAYONET
27%
DAO-12
27%
M1911
27%
M412 REX
27%
M98B
27%
MK11 MOD 0
27%
MP443
27%
RGO IMPACT
27%
SAR-21
27%
SCOUT
27%
SV-98
27%
U-100 MK5
27%
A-91
23%
AUG A3
23%
BULLDOG
23%
CBJ-MS
23%
FGM-148 JAVELIN
23%
L115
23%
M18 CLAYMORE
23%
M224 MORTAR
23%
M60-E4
23%
MEDIC BAG
23%
MOTION SENSOR
23%
MTAR-21
23%
MX4
23%
PDW-R
23%
SA-18 IGLA
23%
SG553
23%
SRR-61
23%
UMP-9
23%
UNICA 6
23%
ACE 52 CQB
18%
AR160
18%
F2000
18%
FGM-172 SRAW
18%
GOL MAGNUM
18%
GROZA-1
18%
HAWK 12G
18%
JNG-90
18%
L85A2
18%
M39 EMR
18%
MACHETE
18%
MARE'S LEG
18%
QBU-88
18%
QBZ-95-1
18%
QSZ-92
18%
RADIO BEACON
18%
SCAR-H SV
18%
SUAV
18%
SW40
18%
TYPE 88 LMG
18%
93R
14%
AA MINE
14%
ACB-90
14%
BOWIE
14%
CS-LR4
14%
CZ-75
14%
DBV-12
14%
DS-3 DECOY
14%
FN57
14%
FY-JS
14%
GROZA-4
14%
HAND FLARE
14%
JS2
14%
L86A2
14%
MAV
14%
PLD
14%
SCOUT ELITE
14%
SHORTY 12G
14%
TANTO
14%
TRENCH
14%
UCAV
14%
ACE 21 CQB
9%
ACE 53 SV
9%
BALLISTIC SHIELD
9%
C100
9%
COMPACT 45
9%
CS5
9%
CZ-805
9%
DIVE
9%
FIRST AID PACK
9%
M26 MASS
9%
M320 LVG
9%
NECK
9%
QBB-95-1
9%
RFB
9%
SHANK
9%
SR338
9%
SURVIVAL
9%
T-UGS
9%
WEAVER
9%
338-RECON
5%
AMMO PACK
5%
AWS
5%
BJ-2
5%
BOOT
5%
CARBON FIBER
5%
EOD BOT
5%
IMPROVISED
5%
M26 DART
5%
M2 SLAM
5%
M320 DART
5%
M320 FB
5%
M320 SMK
5%
QBS-09
5%
SEAL
5%
SOFLAM
5%
TACTICAL
5%
UTS 15
5%
XM25 DART
5%
XM25 SMOKE
5%
CZ-3A1
0%
M26 FRAG
0%
M26 SLUG
0%
MP-APS
0%
PRECISION
0%
TYPE-95B-1
0%
XM25 AIRBURST
0%
No matching quizzes found
Score Distribution
Percent of People with Each Score
Percentile by Number Answered
Your Score History
You have not taken this quiz